[Event "Capablanca Memorial Elite 55th"]
[Site "Havana"]
[Date "2022.04.25"]
[Round "6"]
[White "Durarbayli, Vasif"]
[Black "Ortiz Suarez, Isan Reynaldo"]
[Result "1/2-1/2"]
[WhiteElo "2628"]
[BlackElo "2533"]
[PlyCount "205"]
[EventDate "2022.04.19"]
[EventType "tourn"]
[EventRounds "9"]
[EventCountry "CUB"]
[EventCategory "14"]
[SourceTitle "CBM 208 Extra"]
[Source "ChessBase"]
[SourceDate "2022.07.31"]
[SourceVersion "1"]
[SourceVersionDate "2022.07.31"]
[SourceQuality "1"]

1. e4 c5 2. Nf3 d6 3. d4 cxd4 4. Nxd4 Nf6 5. Nc3 a6 6. Bg5 Nbd7 7. Bc4 Qb6 8. Bb3 e6 9. h4 Be7 10. f3 Nc5 11. Qd2 Qc7 12. g4 b5 13. a3 Bd7 14. Ba2 0-0 15. h5 Rfb8 16. b4 Na4 17. Nxa4 bxa4 18. Be3 Be8 19. g5 Nd7 20. g6 Bf6 21. 0-0-0 Ne5 22. h6 hxg6 23. hxg7 Bxg7 24. Bh6 Bf6 25. Qf4 Qe7 26. Qh2 Qc7 27. Qf4 Qe7 28. Rh3 Rc8 29. Qh2 Qc7 30. Kb1 Nc4 31. Bc1 d5 32. f4 dxe4 33. Bxc4 Qxc4 34. Bb2 Qd5 35. Rh1 Kf8 36. Nc6 Bxc6 37. Bxf6 Ke8 38. Rh8+ Kd7 39. Qh7 e5 40. Qh3+ Kc7 41. Bxe5+ Kb7 42. Rxc8 Rxc8 43. Qe3 Rd8 44. Rh2 Qc4 45. Rd2 Rxd2 46. Qxd2 Bd5 47. Kc1 Kc6 48. Qe3 Kd7 49. Kd2 Bc6 50. Qh3+ Qe6 51. Qh7 Bd5 52. Qh4 Qf5 53. Qf2 Qe6 54. Qa7+ Ke8 55. Qb8+ Ke7 56. Qc7+ Ke8 57. Qb8+ Kd7 58. Qc7+ Ke8 59. Bd4 Bc4 60. Qb8+ Kd7 61. Qb7+ Ke8 62. Qc7 Bb5 63. Qb8+ Kd7 64. Qb7+ Ke8 65. Qa8+ Kd7 66. Bc5 Qc4 67. Qb7+ Ke6 68. Qe7+ Kf5 69. Qg5+ Ke6 70. Qe7+ Kf5 71. Qg5+ Ke6 72. Qe5+ Kd7 73. Qd6+ Kc8 74. Kc1 Qf1+ 75. Kb2 Qc4 76. Qf8+ Kd7 77. Qd6+ Kc8 78. Qf8+ Kd7 79. Qe7+ Kc8 80. Bb6 Qc6 81. Bd4 Bc4 82. Bf6 Be6 83. Qd8+ Kb7 84. Be5 Qd7 85. Qb8+ Kc6 86. Qa8+ Qb7 87. Qf8 Qd7 88. Kc3 Qc8 89. Qd6+ Kb7+ 90. Kb2 Qd7 91. Qb8+ Kc6 92. Qa8+ Qb7 93. Qf8 Qd7 94. Qc5+ Kb7 95. Bd4 Qc6 96. Qa7+ Kc8 97. Be5 Bd5 98. Qe7 Bc4 99. Qa7 Bd5 100. Bd4 Qc4 101. Kc1 Qf1+ 102. Kb2 Qc4 103. Kc1 1/2-1/2

[Event "San Pedro de Macoris zt 2.3"]
[Site "San Pedro de Macoris"]
[Date "2022.03.24"]
[Round "8"]
[White "Ortiz Suarez, Isan Reynaldo"]
[Black "Perez Rodriguez, Luis Manuel"]
[Result "1-0"]
[WhiteElo "2531"]
[BlackElo "2326"]
[PlyCount "50"]
[EventDate "2022.03.20"]
[EventType "swiss"]
[EventRounds "9"]
[EventCountry "DOM"]
[SourceTitle "EXT 2023"]
[Source "ChessBase"]
[SourceDate "2022.10.05"]
[SourceVersion "1"]
[SourceVersionDate "2022.10.05"]
[SourceQuality "1"]

1. Nf3 d5 2. d4 Nf6 3. c4 c6 4. g3 g6 5. Bg2 Bg7 6. 0-0 0-0 7. b3 a5 8. Nc3 Ne4 9. Bb2 Nxc3 10. Bxc3 Nd7 11. Rc1 a4 12. cxd5 cxd5 13. Bb4 Re8 14. bxa4 Nb6 15. Qb3 Nxa4 16. Ne5 Be6 17. Nd3 Bxd4 18. Nf4 Bd7 19. Rfd1 e5 20. Bxd5 Qf6 21. e3 Bg4 22. Rd2 Nb6 23. Bxb7 Rad8 24. Ng2 Be6 25. Qd1 Nc4 1-0

[Event "San Pedro de Macoris zt 2.3"]
[Site "San Pedro de Macoris"]
[Date "2022.03.22"]
[Round "4"]
[White "Cardoso Cardoso, Jose Gabriel"]
[Black "Ortiz Suarez, Isan Reynaldo"]
[Result "1-0"]
[WhiteElo "2460"]
[BlackElo "2531"]
[PlyCount "101"]
[EventDate "2022.03.20"]
[EventType "swiss"]
[EventRounds "9"]
[EventCountry "DOM"]
[SourceTitle "EXT 2023"]
[Source "ChessBase"]
[SourceDate "2022.10.05"]
[SourceVersion "1"]
[SourceVersionDate "2022.10.05"]
[SourceQuality "1"]

1. e4 c5 2. Nf3 d6 3. d4 cxd4 4. Nxd4 Nf6 5. Nc3 a6 6. Bg5 Nbd7 7. Bc4 Qb6 8. Bb3 e6 9. Qd2 Be7 10. 0-0-0 Nc5 11. Rhe1 h6 12. Bh4 Qc7 13. Bg3 0-0 14. e5 dxe5 15. Bxe5 Qb6 16. Kb1 Rd8 17. Qf4 Ne8 18. Qg3 Bf6 19. Nf3 Bd7 20. Bxf6 Nxf6 21. Ne5 Be8 22. Nc4 Qc6 23. Na5 Qb6 24. Nc4 Qa7 25. Nd6 Bc6 26. f4 Rxd6 27. Rxd6 Nce4 28. Nxe4 Nxe4 29. Rxe4 Bxe4 30. Qe1 Bxg2 31. f5 exf5 32. Rg6 Qd4 33. Rxg2 Rd8 34. a4 Qd1+ 35. Qxd1 Rxd1+ 36. Ka2 Kf8 37. c3 Rd6 38. Bc2 g6 39. b4 Re6 40. Kb3 f4 41. Rf2 g5 42. Kc4 Ke7 43. Bf5 Rc6+ 44. Kd4 Rd6+ 45. Ke5 f6+ 46. Ke4 b6 47. c4 Rd1 48. c5 Rb1 49. Kd5 Rxb4 50. c6 Kd8 51. Rc2 1-0

[Event "CUB-ch"]
[Site "Santa Clara"]
[Date "2022.03.15"]
[Round "11"]
[White "Espinosa Veloz, Ermes"]
[Black "Ortiz Suarez, Isan Reynaldo"]
[Result "1-0"]
[WhiteElo "2485"]
[BlackElo "2531"]
[PlyCount "55"]
[EventDate "2022.03.05"]
[EventType "tourn"]
[EventRounds "11"]
[EventCountry "CUB"]
[EventCategory "11"]
[SourceTitle "CBM 207 Extra"]
[Source "ChessBase"]
[SourceDate "2022.05.31"]
[SourceVersion "1"]
[SourceVersionDate "2022.05.31"]
[SourceQuality "1"]

1. e4 c5 2. Nc3 d6 3. d4 cxd4 4. Qxd4 Nc6 5. Qd2 g6 6. b3 Bh6 7. f4 Nf6 8. Bb2 0-0 9. 0-0-0 e5 10. g3 Re8 11. Kb1 Bg4 12. Be2 Be6 13. Nf3 exf4 14. h4 Bg4 15. gxf4 Nxe4 16. Nxe4 Rxe4 17. Qc3 f6 18. Ng5 Rxf4 19. Bxg4 Rxg4 20. Qf3 fxg5 21. Qxg4 Qe7 22. hxg5 Bxg5 23. Qc4+ Qf7 24. Qxf7+ Kxf7 25. Rxh7+ Ke6 26. Rg1 Be7 27. Rxg6+ Kd7 28. Ba3 1-0

[Event "CUB-ch"]
[Site "Santa Clara"]
[Date "2022.03.09"]
[Round "5"]
[White "Ortiz Suarez, Isan Reynaldo"]
[Black "Albornoz Cabrera, Carlos Daniel"]
[Result "1/2-1/2"]
[WhiteElo "2531"]
[BlackElo "2563"]
[PlyCount "102"]
[EventDate "2022.03.05"]
[EventType "tourn"]
[EventRounds "11"]
[EventCountry "CUB"]
[EventCategory "11"]
[SourceTitle "CBM 207 Extra"]
[Source "ChessBase"]
[SourceDate "2022.05.31"]
[SourceVersion "1"]
[SourceVersionDate "2022.05.31"]
[SourceQuality "1"]

1. e4 c5 2. Nf3 d6 3. d4 cxd4 4. Nxd4 Nf6 5. Nc3 Nc6 6. Bg5 e6 7. Qd2 a6 8. 0-0-0 Bd7 9. f4 b5 10. Bxf6 gxf6 11. Nce2 Qa5 12. Qxa5 Nxa5 13. g3 h5 14. h4 Rc8 15. Bg2 Nc4 16. Rd3 Be7 17. Rhd1 Bd8 18. b3 Na5 19. Kb2 Bb6 20. c3 Nb7 21. Nc2 a5 22. Ne3 Bc6 23. b4 Rg8 24. f5 Ke7 25. Nf4 axb4 26. cxb4 Rc7 27. fxe6 fxe6 28. Bh3 Bxe3 29. Rxe3 Bd7 30. Nxh5 d5 31. exd5 Nd6 32. Kb1 e5 33. Be6 Rg6 34. Bxd7 Rxd7 35. Nf4 Rg4 36. Ne6 Rxb4+ 37. Ka1 Nc4 38. Re2 Na3 39. Rb2 Rxb2 40. Kxb2 Nc4+ 41. Kb3 Ne3 42. Rh1 Nxd5 43. Ng7 Kf7 44. Nf5 Ne3 45. Nxe3 Rd3+ 46. Kb4 Rxe3 47. Rg1 Re2 48. a3 Rb2+ 49. Kc3 Rf2 50. Kb4 Rb2+ 51. Kc3 Rf2 1/2-1/2

[Event "CUB-ch"]
[Site "Santa Clara"]
[Date "2022.03.06"]
[Round "2"]
[White "Diaz Perez, Michel Alejandro"]
[Black "Ortiz Suarez, Isan Reynaldo"]
[Result "0-1"]
[WhiteElo "2460"]
[BlackElo "2531"]
[PlyCount "92"]
[EventDate "2022.03.05"]
[EventType "tourn"]
[EventRounds "11"]
[EventCountry "CUB"]
[EventCategory "11"]
[SourceTitle "CBM 207 Extra"]
[Source "ChessBase"]
[SourceDate "2022.05.31"]
[SourceVersion "1"]
[SourceVersionDate "2022.05.31"]
[SourceQuality "1"]

1. e4 c5 2. Nf3 d6 3. d4 cxd4 4. Nxd4 Nf6 5. Nc3 a6 6. Be2 e6 7. 0-0 Be7 8. a4 Qc7 9. Be3 Nc6 10. f4 0-0 11. Kh1 Re8 12. Bf3 Bf8 13. Qd2 Rb8 14. Rad1 Nd7 15. Qe2 Na5 16. g4 b6 17. g5 Bb7 18. Bg2 g6 19. Qf2 Nc6 20. Nb3 Nc5 21. h4 Bg7 22. h5 Nb4 23. h6 Bf8 24. Rd4 Nxb3 25. cxb3 d5 26. exd5 exd5 27. Rxb4 Bxb4 28. Bxb6 Qc8 29. Qd4 Bf8 30. f5 gxf5 31. Bh3 Re6 32. Bxf5 Qe8 33. Bxe6 Qxe6 34. Rf3 Qg6 35. Rf2 Re8 36. Ne2 Qh5+ 37. Rh2 Qf3+ 38. Kg1 Rxe2 39. Rxe2 Qxe2 40. a5 Qe1+ 41. Kg2 Qe2+ 42. Kg1 Qf3 43. b4 Qe4 44. Qf6 d4 45. Kf2 Qg2+ 46. Ke1 Bxb4+ 0-1

[Event "Braganca op 2nd"]
[Site "Braganca"]
[Date "2021.08.19"]
[Round "1"]
[White "Ortiz Suarez, Isan Reynaldo"]
[Black "Fernandez Getino, Oscar"]
[Result "1-0"]
[WhiteElo "2545"]
[BlackElo "1953"]
[PlyCount "55"]
[EventDate "2021.08.19"]
[EventType "swiss"]
[EventRounds "9"]
[EventCountry "POR"]
[SourceTitle "CBM 204 Extra"]
[Source "ChessBase"]
[SourceDate "2021.11.30"]
[SourceVersion "1"]
[SourceVersionDate "2021.11.30"]
[SourceQuality "1"]

1. e4 e5 2. Nf3 Nc6 3. Bb5 a6 4. Ba4 Nf6 5. d3 b5 6. Bb3 Be7 7. a4 Bb7 8. Bd2 0-0 9. 0-0 b4 10. Re1 d5 11. exd5 Nxd5 12. a5 Qd6 13. Bc1 Rad8 14. Nbd2 Nf4 15. Ne4 Qg6 16. Bxf4 exf4 17. c3 Kh8 18. Bc2 f5 19. Ned2 Rde8 20. d4 Qf6 21. Ba4 Rd8 22. Qe2 Bd6 23. Bxc6 Bxc6 24. Qxa6 Ba8 25. Qc4 bxc3 26. bxc3 c5 27. dxc5 Rc8 28. Re6 1-0